[Event "Gibraltar Masters 16th"]
[Site "Caleta"]
[Date "2018.02.01"]
[Round "10"]
[White "Lercel, Michal"]
[Black "Akesson, Ralf"]
[Result "0-1"]
[WhiteElo "2252"]
[BlackElo "2443"]
[PlyCount "64"]
[EventDate "2018.01.23"]
[EventType "swiss"]
[EventRounds "10"]
[EventCountry "GGB"]
[SourceTitle "CBM 183"]
[Source "ChessBase"]
[SourceDate "2018.03.14"]
[SourceVersion "1"]
[SourceVersionDate "2018.03.14"]
[SourceQuality "1"]

1. Nf3 c5 2. b3 Nc6 3. c4 e5 4. Bb2 d6 5. Nc3 g6 6. e3 Bg7 7. d3 Nge7 8. Be2 0-0 9. 0-0 f5 10. Qd2 h6 11. Rfd1 g5 12. Ne1 Be6 13. Nc2 Qd7 14. Rab1 Rad8 15. d4 exd4 16. exd4 Nxd4 17. Nxd4 Bxd4 18. h4 f4 19. hxg5 hxg5 20. Ne4 Bf5 21. Bd3 Bxb2 22. Qxb2 Qe6 23. f3 Qg6 24. Kf2 Nc6 25. Rh1 Ne5 26. Rbd1 Rd7 27. Bb1 b6 28. Rh2 g4 29. Ke2 Rg7 30. Rg1 gxf3+ 31. Kf1 Bxe4 32. Bxe4 Qxe4 0-1

[Event "Gibraltar Masters 16th"]
[Site "Caleta"]
[Date "2018.01.29"]
[Round "7"]
[White "Tejaswini, Sagar"]
[Black "Lercel, Michal"]
[Result "1/2-1/2"]
[WhiteElo "2081"]
[BlackElo "2252"]
[PlyCount "122"]
[EventDate "2018.01.23"]
[EventType "swiss"]
[EventRounds "10"]
[EventCountry "GGB"]
[SourceTitle "CBM 183"]
[Source "ChessBase"]
[SourceDate "2018.03.14"]
[SourceVersion "1"]
[SourceVersionDate "2018.03.14"]
[SourceQuality "1"]

1. e4 g6 2. d4 Bg7 3. Nc3 c6 4. Be3 d5 5. e5 Qb6 6. Rb1 Nh6 7. f4 f6 8. Nf3 Bg4 9. Be2 Bxf3 10. Bxf3 fxe5 11. fxe5 Nf5 12. Bf2 Bh6 13. Qd3 Na6 14. a3 0-0 15. 0-0 Nc7 16. Ne2 Ne6 17. h4 Nf4 18. Nxf4 Bxf4 19. g4 Ng7 20. g5 Rf7 21. Bg4 e6 22. Kg2 Raf8 23. Bg1 c5 24. c3 cxd4 25. cxd4 Qc7 26. Rf3 Bc1 27. Qd1 Bf4 28. Qe2 Nf5 29. Bxf5 Rxf5 30. Rbf1 Qb6 31. Kh3 a5 32. b3 Qc7 33. Be3 Bxe3 34. Qxe3 Qc2 35. Kg3 Rxf3+ 36. Rxf3 Rxf3+ 37. Kxf3 Qh2 38. Qf4 Qh3+ 39. Qg3 Qf1+ 40. Qf2 Qd1+ 41. Kg2 Qxb3 42. Qf6 Qc2+ 43. Kg3 Qd3+ 44. Kh2 Qe2+ 45. Kg3 Qe1+ 46. Kg2 Qe4+ 47. Kg3 Qd3+ 48. Kf2 Qc2+ 49. Kg3 Qc3+ 50. Kg2 Qb2+ 51. Kh1 Qc1+ 52. Kg2 Qc8 53. Qe7 a4 54. Kg3 Qc3+ 55. Kg2 Qc2+ 56. Kg3 Qb3+ 57. Kg2 Qc2+ 58. Kg3 Qc3+ 59. Kg2 Qd2+ 60. Kg3 Qe1+ 61. Kg2 Qe2+ 1/2-1/2

[Event "Gibraltar Masters 16th"]
[Site "Caleta"]
[Date "2018.01.23"]
[Round "1"]
[White "Sandipan, Chanda"]
[Black "Lercel, Michal"]
[Result "1/2-1/2"]
[WhiteElo "2579"]
[BlackElo "2252"]
[PlyCount "172"]
[EventDate "2018.01.23"]
[EventType "swiss"]
[EventRounds "10"]
[EventCountry "GGB"]
[SourceTitle "CBM 183"]
[Source "ChessBase"]
[SourceDate "2018.03.14"]
[SourceVersion "1"]
[SourceVersionDate "2018.03.14"]
[SourceQuality "1"]

1. d4 Nf6 2. c4 e6 3. Nc3 Bb4 4. e3 0-0 5. Bd2 c6 6. Nf3 d5 7. Bd3 dxc4 8. Bxc4 b5 9. Be2 Bb7 10. 0-0 Nbd7 11. Qc2 Rc8 12. Ne4 Nxe4 13. Bxb4 c5 14. dxc5 Ndxc5 15. Qd1 Qb6 16. Qe1 Bd5 17. b3 Rfe8 18. Nd4 Nd6 19. Rd1 Ncb7 20. Bd3 a5 21. Bxd6 Nxd6 22. e4 Qxd4 23. exd5 Qc3 24. dxe6 Rxe6 25. Qxc3 Rc7 26. Bxb5 Rxc3 27. Rd4 Rc2 28. Rd5 g6 29. Bd7 Rf6 30. Rxa5 Ne4 31. Bg4 Rb2 32. Re5 Nd2 33. Rd1 h5 34. Rd5 Ne4 35. Bf3 Nc3 36. Rd8+ Kg7 37. Re1 Nxa2 38. Rb8 Re6 39. Rf1 Nc3 40. h3 Ne2+ 41. Kh2 Nd4 42. Bd5 Re5 43. Bc4 Rc5 44. Rd1 Nf3+ 45. gxf3 Rxc4 46. bxc4 Rxb8 47. c5 Kf6 48. Kg3 Rb4 49. f4 Rc4 50. Rd5 Rc3+ 51. f3 Rc4 52. h4 Ke6 53. Rd6+ Ke7 54. Rd5 Ke6 55. Rg5 Kf6 56. Re5 Rc2 57. Rd5 Ke6 58. Rg5 Kf6 59. Kh3 Rc4 60. f5 gxf5 61. Rxh5 Rxc5 62. Rg5 Rc1 63. Rg2 Rh1+ 64. Kg3 Kg6 65. Ra2 f4+ 66. Kg4 f5+ 67. Kxf4 Rxh4+ 68. Ke5 Rh3 69. Ra6+ Kg7 70. f4 Rh5 71. Rf6 Kg8 72. Ke6 Kg7 73. Rf7+ Kg6 74. Rf8 Kg7 75. Rd8 Rh6+ 76. Kxf5 Ra6 77. Rd7+ Kf8 78. Kg5 Rb6 79. Ra7 Kg8 80. f5 Kf8 81. Kf4 Kg8 82. Ke5 Kf8 83. Rc7 Ra6 84. Rd7 Ke8 85. Rc7 Kf8 86. f6 Ra1 1/2-1/2

[Event "London Classic op"]
[Site "London"]
[Date "2017.12.06"]
[Round "6"]
[White "De Abreu, Roberto N"]
[Black "Lercel, Michal"]
[Result "0-1"]
[WhiteElo "2110"]
[BlackElo "2244"]
[PlyCount "102"]
[EventDate "2017.12.02"]
[EventType "swiss"]
[EventRounds "9"]
[EventCountry "ENG"]
[SourceTitle "CBM 182 Extra"]
[Source "ChessBase"]
[SourceDate "2018.02.23"]
[SourceVersion "1"]
[SourceVersionDate "2018.02.23"]
[SourceQuality "1"]

1. d4 Nf6 2. c4 g6 3. g3 Bg7 4. Bg2 d6 5. Nc3 0-0 6. Nf3 Nc6 7. 0-0 a6 8. Qd3 Bd7 9. d5 Nb4 10. Qd1 a5 11. a3 Na6 12. Be3 c5 13. Bf4 Nh5 14. Bg5 h6 15. Bc1 Nc7 16. a4 e5 17. e4 Qe8 18. Nb5 Nxb5 19. cxb5 f5 20. Nd2 f4 21. Nc4 Qd8 22. Nxd6 Qf6 23. Nxb7 Qb6 24. Nxa5 Rxa5 25. Bd2 Ra7 26. Ra3 Kh7 27. Bf3 Bh3 28. Re1 fxg3 29. hxg3 Raf7 30. b4 cxb4 31. Bxb4 Bg4 32. a5 Qxb5 33. Bxf8 Bxf8 34. Bxg4 Bxa3 35. Re3 Bc5 36. Rf3 Nf6 37. Qa1 Bd4 38. Qa3 Qb1+ 39. Kg2 Qxe4 40. Be6 Rg7 41. d6 Qc6 42. a6 e4 43. Rxf6 Bxf6 44. a7 e3+ 45. f3 Qc2+ 46. Kh3 e2 47. Qe3 Qd1 48. a8Q Qh1+ 49. Kg4 Qh5+ 50. Kf4 Qg5+ 51. Ke4 Qxe3+ 0-1

[Event "London Classic op"]
[Site "London"]
[Date "2017.12.03"]
[Round "3"]
[White "Lercel, Michal"]
[Black "Miller, Dominic"]
[Result "1-0"]
[WhiteElo "2244"]
[BlackElo "2018"]
[PlyCount "81"]
[EventDate "2017.12.02"]
[EventType "swiss"]
[EventRounds "9"]
[EventCountry "ENG"]
[SourceTitle "CBM 182 Extra"]
[Source "ChessBase"]
[SourceDate "2018.02.23"]
[SourceVersion "1"]
[SourceVersionDate "2018.02.23"]
[SourceQuality "1"]

1. Nf3 Nf6 2. c4 g6 3. b4 Bg7 4. Bb2 0-0 5. g3 c6 6. Bg2 d5 7. cxd5 cxd5 8. 0-0 Nbd7 9. d3 Re8 10. Na3 Nb6 11. Qb3 Bd7 12. Bd4 Ba4 13. Qb2 Nh5 14. Rac1 f6 15. Nd2 e5 16. Bxb6 axb6 17. Nab1 e4 18. dxe4 dxe4 19. a3 f5 20. Qa2+ Kh8 21. Nc3 Bd7 22. Rfd1 Be6 23. Nc4 Qg5 24. h4 Qh6 25. Nb5 e3 26. Qb3 exf2+ 27. Kxf2 f4 28. e3 Bxc4 29. Qxc4 fxg3+ 30. Kg1 Qxe3+ 31. Kh1 Nf4 32. Nd6 Rf8 33. Nf7+ Rxf7 34. Qxf7 Nxg2 35. Rc7 Rg8 36. Re7 Qh6 37. Kxg2 Qxh4 38. Rh1 Qd4 39. Re8 Qd2+ 40. Kh3 Qh6+ 41. Kg4 1-0

[Event "Sitges op 43rd"]
[Site "Sitges"]
[Date "2017.07.29"]
[Round "8"]
[White "Lercel, Michal"]
[Black "Lorenzo de la Riva, Lazaro"]
[Result "0-1"]
[WhiteElo "2268"]
[BlackElo "2389"]
[PlyCount "62"]
[EventDate "2017.07.22"]
[EventType "swiss"]
[EventRounds "9"]
[EventCountry "ESP"]
[SourceTitle "CBM 179 Extra"]
[Source "ChessBase"]
[SourceDate "2017.08.23"]
[SourceVersion "1"]
[SourceVersionDate "2017.08.23"]
[SourceQuality "1"]

1. Nf3 d5 2. c4 e6 3. b3 Nf6 4. g3 c5 5. Bg2 Nc6 6. e3 Be7 7. 0-0 0-0 8. Bb2 d4 9. exd4 cxd4 10. d3 e5 11. Ba3 Bxa3 12. Nxa3 h6 13. Nc2 a5 14. a3 Bf5 15. b4 axb4 16. axb4 Rxa1 17. Nxa1 Nxb4 18. Nxe5 Nd7 19. Qf3 Nxe5 20. Qxf5 Nexd3 21. Rb1 g6 22. Qf3 Qc7 23. Bf1 Ne5 24. Qf4 Nbc6 25. Nb3 Qe7 26. Nd2 Kg7 27. Bg2 Ra8 28. Bd5 Ra2 29. Ne4 Nd3 30. Qf3 Ncb4 31. Bxb7 f5 0-1

[Event "London Classic op 8th"]
[Site "London"]
[Date "2016.12.15"]
[Round "8"]
[White "Lercel, Michal"]
[Black "Stewart, Ashley"]
[Result "1-0"]
[WhiteElo "2266"]
[BlackElo "2105"]
[PlyCount "37"]
[EventDate "2016.12.09"]
[EventType "swiss"]
[EventRounds "9"]
[EventCountry "ENG"]
[SourceTitle "CBM 176 Extra"]
[Source "ChessBase"]
[SourceDate "2017.03.02"]
[SourceVersion "1"]
[SourceVersionDate "2017.03.02"]
[SourceQuality "1"]

1. Nf3 c5 2. b3 Nc6 3. Bb2 d6 4. e3 e5 5. d4 cxd4 6. exd4 Bg4 7. Be2 Bxf3 8. Bxf3 exd4 9. 0-0 d5 10. Re1+ Nge7 11. Bxd4 Nxd4 12. Qxd4 Qa5 13. b4 Qa6 14. Qxd5 Rc8 15. Qxb7 Qxb7 16. Bxb7 Rxc2 17. Na3 Rc7 18. Nb5 Rc2 19. Rad1 1-0

[Event "London Classic op 8th"]
[Site "London"]
[Date "2016.12.10"]
[Round "2"]
[White "Lercel, Michal"]
[Black "Hawkins, Jonathan J"]
[Result "0-1"]
[WhiteElo "2266"]
[BlackElo "2590"]
[PlyCount "67"]
[EventDate "2016.12.09"]
[EventType "swiss"]
[EventRounds "9"]
[EventCountry "ENG"]
[SourceTitle "CBM 176 Extra"]
[Source "ChessBase"]
[SourceDate "2017.03.02"]
[SourceVersion "1"]
[SourceVersionDate "2017.03.02"]
[SourceQuality "1"]

1. d4 d5 2. c4 e6 3. Nc3 Nf6 4. cxd5 exd5 5. Bg5 c6 6. Qc2 Be7 7. e3 Nbd7 8. Bd3 0-0 9. Nge2 Re8 10. 0-0 Nf8 11. f3 Be6 12. Rad1 Ng6 13. Ng3 a6 14. Rfe1 Bd6 15. Nf5 Bc7 16. Nh4 Qd6 17. g4 Bd8 18. Nxg6 fxg6 19. Bf4 Qe7 20. h4 Bc7 21. Ne2 Nxg4 22. fxg4 Bxg4 23. Qc5 Bxf4 24. Qxe7 Bxe3+ 25. Qxe3 Rxe3 26. Nf4 Rg3+ 27. Kh2 Rf3 28. Ne6 Rf6 29. Nc7 Bxd1 30. Nxa8 Rf2+ 31. Kg1 Rd2 32. Bf1 Rxd4 33. Nc7 Bc2 34. Re8+ 0-1

[Event "Gibraltar Challengers-B 14th"]
[Site "Caleta"]
[Date "2016.01.30"]
[Round "1"]
[White "Ebner, Johann"]
[Black "Lercel, Michal"]
[Result "0-1"]
[WhiteElo "2036"]
[BlackElo "2245"]
[PlyCount "120"]
[EventDate "2016.01.30"]
[EventType "swiss"]
[EventRounds "5"]
[EventCountry "GGB"]
[SourceTitle "CBM 170 Extra"]
[Source "ChessBase"]
[SourceDate "2016.02.25"]
[SourceVersion "1"]
[SourceVersionDate "2016.02.25"]
[SourceQuality "1"]

1. d4 Nf6 2. c4 g6 3. Nc3 Bg7 4. e4 d6 5. Be2 0-0 6. Bg5 c5 7. d5 e6 8. Nf3 h6 9. Bc1 exd5 10. cxd5 b5 11. Bxb5 Nxe4 12. 0-0 Nxc3 13. bxc3 Qa5 14. Qb3 Bg4 15. Bd2 Qc7 16. Be2 Nd7 17. Rab1 Bf5 18. Qb7 Qa5 19. Qb5 Qxb5 20. Rxb5 Nb6 21. c4 Rfe8 22. Re1 Re4 23. Bf1 Rae8 24. Rxe4 Bxe4 25. Ba5 Rb8 26. Nd2 Bf5 27. g3 Kf8 28. Be2 h5 29. Rb3 Bc2 30. Rb5 Ke7 31. Nf1 Nd7 32. Rxb8 Nxb8 33. Ne3 Bb1 34. a4 Na6 35. Bd2 Nb4 36. Kf1 Kd7 37. Ke1 Bd4 38. Kd1 Kc7 39. Kc1 Be4 40. f3 Na2+ 41. Kd1 Bb1 42. Nc2 Bb2 43. Bd3 Bc3 44. Bf4 a5 45. g4 hxg4 46. fxg4 Bb2 47. Bd2 Be5 48. Bxa5+ Kb7 49. h4 Nc3+ 50. Bxc3 Bxc3 51. h5 gxh5 52. gxh5 Kb6 53. h6 Ka5 54. h7 Kxa4 55. Ne1 Bxd3 56. Nxd3 Kb3 57. Nf2 f5 58. Nh3 Kxc4 59. Kc2 Bf6 60. Nf4 Kd4 0-1

[Event "London Classic op 7th"]
[Site "London"]
[Date "2015.12.10"]
[Round "8"]
[White "Lercel, Michal"]
[Black "Sucikova, Svetlana"]
[Result "1/2-1/2"]
[WhiteElo "2228"]
[BlackElo "2070"]
[PlyCount "47"]
[EventDate "2015.12.04"]
[EventType "swiss"]
[EventRounds "9"]
[EventCountry "ENG"]
[SourceTitle "CBM 169 Extra"]
[Source "ChessBase"]
[SourceDate "2015.12.18"]
[SourceVersion "1"]
[SourceVersionDate "2015.12.18"]
[SourceQuality "1"]

1. Nf3 d5 2. c4 c6 3. b3 Bg4 4. g3 Nd7 5. Bg2 e5 6. 0-0 Bd6 7. Nc3 Ngf6 8. cxd5 cxd5 9. Nb5 Be7 10. d4 e4 11. Ne5 Be6 12. Bf4 0-0 13. Rc1 a6 14. Nc7 Rc8 15. Nxe6 fxe6 16. Rxc8 Qxc8 17. Bh3 Nxe5 18. dxe5 Nh5 19. Be3 g6 20. Qd4 Ng7 21. Qb6 Qd7 22. Bh6 Rc8 23. Rc1 Nf5 24. Bxf5 1/2-1/2

[Event "London Classic op 7th"]
[Site "London"]
[Date "2015.12.08"]
[Round "6"]
[White "Lercel, Michal"]
[Black "Hector, Jonny"]
[Result "0-1"]
[WhiteElo "2228"]
[BlackElo "2499"]
[PlyCount "48"]
[EventDate "2015.12.04"]
[EventType "swiss"]
[EventRounds "9"]
[EventCountry "ENG"]
[SourceTitle "CBM 169 Extra"]
[Source "ChessBase"]
[SourceDate "2015.12.18"]
[SourceVersion "1"]
[SourceVersionDate "2015.12.18"]
[SourceQuality "1"]

1. d4 d5 2. c4 c6 3. Nf3 Nf6 4. Nc3 dxc4 5. a4 Bf5 6. Ne5 Nbd7 7. Nxc4 Qc7 8. g3 e5 9. dxe5 Nxe5 10. Bf4 Nfd7 11. Bg2 f6 12. Nxe5 fxe5 13. Bg5 h6 14. Be3 Be7 15. Qb3 Nf6 16. 0-0 a5 17. Bb6 Qd6 18. Rfd1 Qb4 19. Qxb4 axb4 20. Na2 Rxa4 21. b3 Ra6 22. Bc7 Kf7 23. Bxe5 Rha8 24. Rd2 Ne4 0-1

[Event "Southend op 59th"]
[Site "Southend"]
[Date "2015.04.05"]
[Round "6"]
[White "Lercel, Michal"]
[Black "Hill, Alistair"]
[Result "1/2-1/2"]
[WhiteElo "2238"]
[BlackElo "2126"]
[PlyCount "86"]
[EventDate "2015.04.03"]
[EventType "swiss"]
[EventRounds "7"]
[EventCountry "ENG"]
[SourceTitle "CBM 165 Extra"]
[Source "ChessBase"]
[SourceDate "2015.04.21"]
[SourceVersion "1"]
[SourceVersionDate "2015.04.21"]
[SourceQuality "1"]

1. d4 Nf6 2. c4 g6 3. Nc3 d5 4. Qb3 dxc4 5. Qxc4 Bg7 6. e4 0-0 7. Nf3 Na6 8. Be2 c5 9. d5 e6 10. 0-0 exd5 11. exd5 Re8 12. Bg5 h6 13. Bh4 Qb6 14. Bd3 Bd7 15. Rad1 Rad8 16. Rd2 Qb4 17. a3 Qxc4 18. Bxc4 g5 19. Bxa6 bxa6 20. Bg3 Ne4 21. Nxe4 Rxe4 22. h3 Bb5 23. Rc1 f5 24. Bc7 Rd7 25. d6 c4 26. Rdc2 Ba4 27. Rxc4 Bxb2 28. Rxe4 fxe4 29. Rc4 Bb5 30. Rxe4 Bxa3 31. Ne5 Rxd6 32. Bxd6 Bxd6 33. Nc4 Bb4 34. Nb2 a5 35. h4 a6 36. hxg5 hxg5 37. Rg4 Kf7 38. Re4 Kf6 39. g4 Bc6 40. Rc4 Bb5 41. Re4 Bc6 42. Rc4 Bb5 43. Re4 Bc6 1/2-1/2

[Event "Southend op 59th"]
[Site "Southend"]
[Date "2015.04.04"]
[Round "3"]
[White "Myall, Ivan J"]
[Black "Lercel, Michal"]
[Result "0-1"]
[WhiteElo "2047"]
[BlackElo "2238"]
[PlyCount "86"]
[EventDate "2015.04.03"]
[EventType "swiss"]
[EventRounds "7"]
[EventCountry "ENG"]
[SourceTitle "EXT 2017"]
[Source "ChessBase"]
[SourceDate "2016.10.25"]
[SourceVersion "1"]
[SourceVersionDate "2016.10.25"]
[SourceQuality "1"]

1. e4 e5 2. Bc4 Nf6 3. d3 Bc5 4. Nf3 d6 5. c3 0-0 6. Bg5 h6 7. Bh4 Qe7 8. Nbd2 Be6 9. Qb3 Bb6 10. a4 Nc6 11. Bxe6 Qxe6 12. Bxf6 Qxf6 13. Nc4 Nd8 14. a5 Bc5 15. 0-0 Rb8 16. Ne3 Ne6 17. Nd5 Qd8 18. Qd1 c6 19. d4 exd4 20. cxd4 cxd5 21. exd5 Nxd4 22. Nxd4 Qf6 23. Nb3 Qxb2 24. Nxc5 dxc5 25. Qd3 Rfd8 26. Rfd1 Rd6 27. Qc4 Rbd8 28. f4 Rxd5 29. Rdb1 Qd2 30. h3 Qe3+ 31. Kh1 Qg3 32. Qe4 b6 33. axb6 axb6 34. Rf1 Rd2 35. Ra8 Qd3 36. Rxd8+ Qxd8 37. Kh2 Qd5 38. Qe8+ Kh7 39. Rg1 c4 40. Qe3 b5 41. f5 Rd3 42. Qf2 b4 43. Kh1 Rxh3# 0-1

[Event "Krakow op-A 25th"]
[Site "Krakow"]
[Date "2015.01.02"]
[Round "7"]
[White "Zochowski, Kacper"]
[Black "Lercel, Michal"]
[Result "1/2-1/2"]
[WhiteElo "2120"]
[BlackElo "2222"]
[PlyCount "28"]
[EventDate "2014.12.27"]
[EventType "swiss"]
[EventRounds "9"]
[EventCountry "POL"]
[SourceTitle "CBM 164 Extra"]
[Source "ChessBase"]
[SourceDate "2015.03.02"]
[SourceVersion "1"]
[SourceVersionDate "2015.03.02"]
[SourceQuality "1"]

1. e4 e5 2. Nf3 Nc6 3. Bb5 a6 4. Ba4 Nf6 5. Qe2 b5 6. Bb3 Bc5 7. c3 0-0 8. 0-0 d5 9. d3 Be6 10. Bg5 dxe4 11. dxe4 Bxb3 12. axb3 Qd6 13. b4 Bb6 14. Rd1 Qe6 1/2-1/2

[Event "EU-ch rapid"]
[Site "Wroclaw"]
[Date "2014.12.20"]
[Round "5"]
[White "Konopka, Michal"]
[Black "Lercel, Michal"]
[Result "1-0"]
[WhiteElo "2418"]
[BlackElo "2222"]
[PlyCount "83"]
[EventDate "2014.12.20"]
[EventType "swiss (rapid)"]
[EventRounds "11"]
[EventCountry "POL"]
[SourceTitle "CBM 164 Extra"]
[Source "ChessBase"]
[SourceDate "2015.03.02"]
[SourceVersion "1"]
[SourceVersionDate "2015.03.02"]
[SourceQuality "1"]

1. Nf3 Nf6 2. c4 g6 3. g3 Bg7 4. Bg2 0-0 5. 0-0 d6 6. d4 Nc6 7. Nc3 a6 8. b3 Bg4 9. Bb2 Rb8 10. d5 Bxf3 11. exf3 Na5 12. Qd2 c5 13. dxc6 bxc6 14. f4 Nd7 15. Rfe1 Re8 16. Na4 Bxb2 17. Nxb2 Qb6 18. Re3 Qb4 19. Qc2 Qa3 20. Ree1 Nc5 21. h4 Ne6 22. Qc3 c5 23. Rxe6 fxe6 24. Bh3 Kf7 25. Re1 Rf8 26. Bxe6+ Ke8 27. Qg7 Rb7 28. Nd3 Qxa2 29. Qxh7 Nxb3 30. Qxg6+ Kd8 31. Bd5 Rc7 32. Qg7 Re8 33. h5 Qd2 34. Qg6 Nd4 35. h6 e6 36. Kg2 Rce7 37. h7 Kd7 38. f5 Nxf5 39. Bxe6+ Rxe6 40. Rxe6 Rxe6 41. Qxf5 Qh6 42. Nf4 1-0

[Event "Gibraltar Challengers-B 12th"]
[Site "Caleta"]
[Date "2014.02.04"]
[Round "4"]
[White "Kandic, Milan"]
[Black "Lercel, Michal"]
[Result "1/2-1/2"]
[WhiteElo "2080"]
[BlackElo "2150"]
[PlyCount "112"]
[EventDate "2014.02.01"]
[EventType "swiss"]
[EventRounds "5"]
[EventCountry "GGB"]
[SourceTitle "CBM 158 Extra"]
[Source "ChessBase"]
[SourceDate "2014.02.28"]
[SourceVersion "1"]
[SourceVersionDate "2014.02.28"]
[SourceQuality "1"]

1. e4 c5 2. Nf3 Nc6 3. d3 d6 4. g3 g6 5. Bg2 Bg7 6. 0-0 e5 7. Nc3 Nge7 8. Be3 0-0 9. Qd2 Nd4 10. Ne2 Bg4 11. Nexd4 cxd4 12. Bh6 Rc8 13. Bxg7 Kxg7 14. c4 dxc3 15. bxc3 Qa5 16. Rfc1 Rc7 17. Rc2 Rfc8 18. Rac1 Nc6 19. Qd1 Qa4 20. Rb2 Qxd1+ 21. Rxd1 Nd8 22. c4 Ne6 23. Rdb1 Bxf3 24. Bxf3 Nd4 25. Kg2 b6 26. Bd1 Rc5 27. Rb4 Ra5 28. a4 Kf6 29. R1b2 Ke7 30. Kf1 h5 31. h4 Rcc5 32. Ke1 Kd7 33. Kd2 Ke7 34. Ke3 Rc8 35. f4 Rg8 36. Rg2 Rh8 37. Ra2 Rg8 38. Rf2 Rg7 39. Rbb2 Rg8 40. Rf1 Rh8 41. Rbf2 f5 42. fxe5 dxe5 43. Rg1 Kf6 44. Rgf1 Rc5 45. Ra2 Ra5 46. Rb2 Ke6 47. Rff2 Rh7 48. Rg2 Rh8 49. Rbf2 Rc5 50. Ra2 Ra5 51. Bf3 Rh7 52. Rgb2 Rh8 53. Bd1 Kf6 54. Rf2 Ke6 55. Rab2 Rh7 56. Ra2 Rh8 1/2-1/2

[Event "Gibraltar Challengers-B 12th"]
[Site "Caleta"]
[Date "2014.02.01"]
[Round "1"]
[White "Lercel, Michal"]
[Black "Lochte, Szilvia"]
[Result "1-0"]
[WhiteElo "2150"]
[BlackElo "1952"]
[PlyCount "73"]
[EventDate "2014.02.01"]
[EventType "swiss"]
[EventRounds "5"]
[EventCountry "GGB"]
[SourceTitle "CBM 158 Extra"]
[Source "ChessBase"]
[SourceDate "2014.02.28"]
[SourceVersion "1"]
[SourceVersionDate "2014.02.28"]
[SourceQuality "1"]

1. d4 Nf6 2. c4 e6 3. Nc3 Bb4 4. e3 0-0 5. Nge2 b6 6. a3 Be7 7. d5 e5 8. Ng3 d6 9. Be2 Re8 10. 0-0 g6 11. e4 a5 12. Be3 Nbd7 13. Rb1 Bf8 14. Qd2 Bg7 15. Kh1 a4 16. Bd1 Ba6 17. Bxa4 Bxc4 18. Rfc1 Ng4 19. h3 Nxe3 20. Qxe3 Re7 21. Bb5 Bxb5 22. Nxb5 Nf6 23. Rc4 Ne8 24. Rbc1 h5 25. R1c3 Rd7 26. Qc1 Rc8 27. Rc6 h4 28. Nf1 f5 29. Ne3 Bh6 30. Qc2 Rf7 31. Nc4 Ra8 32. exf5 Qf6 33. fxg6 Rg7 34. Rf3 Qg5 35. Ne3 Rxg6 36. Nxc7 Nxc7 37. Rxc7 1-0